000 00679nam a2200265Ia 4500
008 180313s9999 xx 000 0 und d
020 _a9780545654593
050 _bFIC S855 2014
100 _aStiefvater, Maggie
245 _aSinner /
245 _cby Maggie Stiefvater.
260 _aNew York, New York :
260 _bScholastic Inc.,
260 _c2014
300 _a357 pages :
300 _billustrations ;
300 _c20cm.
650 _aHuman-animal relationship --
650 _aMetamorphosis --
650 _aWolves --
650 _xJuvenile literature.
650 _xJuvenile literature.
650 _xJuvenile literature.
700 _aTitle.
999 _c356235
_d356235